Meeting the housing requirements of an aspiring and growing nation (Record no. 108408)
[ view plain ]
| 000 -LEADER | |
|---|---|
| fixed length control field | 02241cad a22002175a 4500 |
| 001 - CONTROL NUMBER | |
| control field | L144198 |
| 008 - FIXED-LENGTH DATA ELEMENTS--GENERAL INFORMATION | |
| fixed length control field | 080703e20080626xxko f sf000 0 eng d |
| 035 ## - SYSTEM CONTROL NUMBER | |
| System control number | (Sirsi) u144198 |
| 041 0# - LANGUAGE CODE | |
| Language code of text/sound track or separate title | eng |
| 050 04 - LIBRARY OF CONGRESS CALL NUMBER | |
| Classification number | 306.1 $2 18 |
| 110 2# - MAIN ENTRY--CORPORATE NAME | |
| Corporate name or jurisdiction name as entry element | National Housing and Planning Advice Unit |
| 9 (RLIN) | 5426 |
| 245 00 - TITLE STATEMENT | |
| Title | Meeting the housing requirements of an aspiring and growing nation |
| Remainder of title | taking the medium and long-term view |
| Medium | [electronic resource] |
| 260 ## - PUBLICATION, DISTRIBUTION, ETC. | |
| Place of publication, distribution, etc. | Fareham |
| Name of publisher, distributor, etc. | NHPAU |
| Date of publication, distribution, etc. | 2008 |
| 505 2# - FORMATTED CONTENTS NOTE | |
| Formatted contents note | Summary: Background to developing our advice -- The strategic and policy context for our advice -- What our supply range advice is and what it is not -- Delivery and the short-term versus long-term outlook -- Working with the regional partners -- Developing our advice -- Affordability analysis: Baseline affordability results -- Household and population projections -- Growth in earnings -- Mortgage interest rates -- Main affordability results -- Demographic method: Base household projections -- Backlog of constrained need and demand -- Additional demand for second homes -- Expected vacancies in new supply -- Total supply range derived from the demographic method -- Synthesis: Bottom end of the range -- Upper end of the range |
| 520 ## - SUMMARY, ETC. | |
| Summary, etc. | Discusses the government aim that all people should have access to reasonable housing at affordable prices. The key indicator for affordability is the ratio of lower quartile house prices to earnings and this study states that this has fallen from 4 in 2000, to 7.25 in 2007 and looks likely to fall to 8.26 by 2026. Recommends possible solutions to affordable housing availability including: government commitments to providing a net increase of 240,000 houses per year; increased flexibility for regional planning authorities to meet the demand and also provides a discussion on balancing quantity with appropriate housing types. Advice has been developed through a combination of the CLG Affordability Model and traditional demographic profiling. |
| 521 ## - TARGET AUDIENCE NOTE | |
| Target audience note | Advanced |
| 651 #4 - SUBJECT ADDED ENTRY--GEOGRAPHIC NAME | |
| Geographic name | England and Wales |
| Chronological subdivision | 1543- |
| 690 ## - LOCAL SUBJECT ADDED ENTRY--TOPICAL TERM (OCLC, RLIN) | |
| Topical term or geographic name as entry element | Residential property |
| 9 (RLIN) | 6266 |
| 856 40 - ELECTRONIC LOCATION AND ACCESS | |
| Uniform Resource Identifier | <a href="https://www.communities.gov.uk/documents/507390/pdf/863376.pdf">https://www.communities.gov.uk/documents/507390/pdf/863376.pdf</a> |
| Public note | View the document free of charge at www.communities.gov.uk... |
| 942 ## - ADDED ENTRY ELEMENTS (KOHA) | |
| Suppress in OPAC | 0 |
| Withdrawn status | Lost status | Source of classification or shelving scheme | Damaged status | Not for loan | Home library | Current library | Shelving location | Date acquired | Total Checkouts | Full call number | Barcode | Date last seen | Copy number | Price effective from | Koha item type |
|---|---|---|---|---|---|---|---|---|---|---|---|---|---|---|---|
| Dewey Decimal Classification | Virtual | Virtual | Online | 03/07/2008 | ONLINE PUBLICATION | 144198-2001 | 06/08/2019 | 1 | 06/08/2019 | Book |